Регионална библиотека "Любен Каравелов" - Русе

Първенци изпълнили плана за VІІ петилетка до 31 декември 1979 г. Русенски окръг (Запис номер 447578)

MARC детайли
000 -Лидер
Контролно поле с фиксирана дължина 01175nam a2200241 a 4500
003 - Код на организацията, давaща контролен номер
Контролно поле BLK
005 - Дата и час на последна редакция
Контролно поле 20230628141640.0
008 - Елементи от данни с фиксирана дължина
fixed length control field 220307b bu ||||| ||||||0| | bu d
040 ## - Източник на каталожния запис
Идентификатор на билиотеката - собственик на записа BLK
041 ## - Код за език
Код за езика на текст/звукозапис или на отделно заглавие Български
Код за езика КДБФ Български
080 ## - УДК
УДК определител (497.215)(062)
Текстов определител УДК Икономическо положение. Икономическа политика. Управление. Планиране. Производство. Услуги. Цени
УДК код - определител по УДК 338
УДК - код + определител 338(497.215)(062)
139 ## - Редно поле
Редна дума Първенци изпълнили плана за VІІ петилетка до 31 декември 1979 г. Русенски окръг
Авторски знак Пър - П 97
245 ## - Сведения за заглавието
Заглавие Първенци изпълнили плана за VІІ петилетка до 31 декември 1979 г. Русенски окръг
Физически носител (вид на носителя) [Малотир. изд.]
260 ## - Област на издателските данни
9 (RLIN) 469318
Място на издаване, разпространение и проч. Русе
Име на издателя, разпространителя и проч. ОС на професионалните съюзи
Година на издаване 1979
300 ## - Физическа характеристика
Страници 186 с.
Размери/Мащаб 15Х22 см
380 ## - Жанр
Жанр Обществени науки
653 #7 - Ключова дума – ненормативна
9 (RLIN) 197055
Ключова дума социално-икономическо развитие
653 #7 - Ключова дума – ненормативна
9 (RLIN) 194984
Ключова дума първенци
852 ## - Местоположение
Форматна сигнатура К 338/П 97
Фондова буква Краезнание
999 ## - СИСТЕМНИ КОНТРОЛНИ НОМЕРА
Koha biblionumber 447578
Koha biblioitemnumber 447578
942 ## - АРТИКУЛИ
Вид на библиотечния материал Книги
Скрит в OPAC Не
Периодичен библиозапис Да
Koha issues (borrowed), all copies 1
944 ## - СЪЗДАВАНЕ И РЕДАКЦИЯ на ЗАПИСА
Създаване/Редакция Създаване
Дата на регистрацията/редакция 2022-03-07
Служител, извършил регистрацията/редакцията В. Т.
999 ## - СИСТЕМНИ КОНТРОЛНИ НОМЕРА
Koha biblioitemnumber 447573
Наличности
Код за отписване Код за изгубен артикул Източник на класификационната схема Код за повреда Коз за рестрикции Код за отдаване Артикулен № Име на библиотеката - собственик Име на библиотеката, в която се намира в момента Статус (Текущо местоположение) Дата на вписване в системата Местоположение - отдел Цена в лева Систематично азбучна сигнатура Баркод Цена в евро Служебен тип на артикула
  Не е изгубен Universal Decimal Classification Не е повреден само за читалня ползва се в читалня 874831 Регионална библиотека "Любен Каравелов" Русе Регионална библиотека "Любен Каравелов" Русе Краезнание 2022-03-10 Краезнание 1.00 К 338/П 97 120000867874 0.51 Книги
Vip Innovations Ltd, Rousse, Bulgaria 2025